| 000 | 00882nac a22002777a 4500 | ||
|---|---|---|---|
| 001 | BR9300924 | ||
| 003 | BR-BrBNA | ||
| 005 | 20240105121425.0 | ||
| 008 | 230509b bl.|||m| |||| 00| 0 por d | ||
| 040 |
_aBR-BrBNA _bpor _cBiblioteca Nacional de Agricultura |
||
| 072 | _aF30; F01; A50 | ||
| 090 | _a1160 BR9300924 | ||
| 110 | 1 |
_aCentro Nacional de Pesquisa de Caju, Fortaleza, CE (Brasil) _91758 |
|
| 245 | 1 | _aPrograma Nacional de Pesquisa de Caju | |
| 260 | 3 |
_aFortaleza, CE (Brasil): _c1991. |
|
| 300 | _a50 p. | ||
| 490 |
_aDocumentos - Centro Nacional de Pesquisa de Caju (Brazil) _vno. 5 _x |
||
| 500 | _a8 tables; Summary (Pt) | ||
| 650 | _aCaju | ||
| 650 | _aPesquisa Agricola | ||
| 650 | _aDefesa Vegetal | ||
| 650 | _aMelhoramento Genetico Vegetal | ||
| 650 | _aPratica Cultural | ||
| 909 |
_a202312 _bLúcia Elande _c55 _dLúcia Elande |
||
| 942 |
_2AGRIS _n0 _cMS |
||
| 999 |
_c285221 _d285221 |
||